LIBRARY & INFORMATION CENTRE, KCAET, TAVANUR

ONLINE PUBLIC ACCESS CATALOGUE (OPAC)

Moonnu vankarakaliloode Part-2 / (Record no. 6684)

MARC details
000 -LEADER
fixed length control field 00467cam a2200181ua 4500
041 ## - LANGUAGE CODE
Language code of text/sound track or separate title mal
082 ## - DEWEY DECIMAL CLASSIFICATION NUMBER
Classification number 894.81280355
Item number MEN/MO
100 ## - MAIN ENTRY--AUTHOR NAME
Personal name Menon, K P S .
245 ## - TITLE STATEMENT
Title Moonnu vankarakaliloode Part-2 /
250 ## - EDITION STATEMENT
Edition statement 1 /
260 ## - PUBLICATION, DISTRIBUTION, ETC. (IMPRINT)
Place of publication Kottayam :
Name of publisher Sahitya Pravarthaka Co-operative Society ,
Year of publication 1966.
300 ## - PHYSICAL DESCRIPTION
Number of Pages 162 ; .
942 ## - ADDED ENTRY ELEMENTS (KOHA)
Koha item type Books
Holdings
Withdrawn status Lost status Damaged status Home library Current library Date acquired Full call number Accession Number Koha item type
Withdrawn     KAUAET Malayalam University 07/04/2012 894.81280355 9561 Books
free website counter